Solve the Secret Country by Doing Math Problems #2 - Statistics

General Stats
  • This quiz has been taken 1,309 times
  • The average score is 10 of 26
Answer Stats
Hint Answer % Correct
142 196
100%
192 361
92%
282 784
82%
412 1681
79%
622 3844
73%
83 512
66%
73 343
63%
113 1331
59%
93 729
57%
22 × 43 256
53%
2x2 + 1 {4}x
34%
5x3 {15}x2
30%
3x2 + x + 1 {6}x + {1}
24%
7x2 + 5x + 6 {14}x + {5}
23%
x4 + 5x3 {4}x3 + {15}x2
22%
(x + 1)2 {2}x + {2}
17%
(x + 1)(x − 2) {2}x − {1}
13%
(x − 2)(x + 4) {2}x + {2}
12%
(x + 3)(x + 2) {2}x + {5}
12%
x(x + 7) {2}x + {7}
11%
50 {50}x + c
9%
18x {9}x2 + c
9%
Secret Country United Kingdom
8%
6x + 5 {3}x2 + {5}x + c
7%
9x2 + 7 {3}x3 + {7}x + c
6%
(3x + 1)2 {3}x3 + {3}x2 + x + c
5%
No matching quizzes found
Score Distribution
Percent of People with Each Score
Percentile by Number Answered
Your Score History
You have not taken this quiz